| 000 | 00669nam a2200241Ia 4500 | ||
|---|---|---|---|
| 003 | OSt | ||
| 005 | 20221007080741.0 | ||
| 006 | a|||||r|||| 00| 0 | ||
| 007 | ta | ||
| 008 | 221006b |||||||| |||| 00| 0 eng d | ||
| 024 | _a10,353 | ||
| 037 | _cTextual | ||
| 040 |
_aFLL _cFLL _beng |
||
| 041 |
_2eng _aeng |
||
| 082 | _aMD53:(Z73:86), K8.1 | ||
| 100 |
_aKennelly John J. Au. _9695414 |
||
| 245 | 0 | _aLitigation and trial of air crash cases | |
| 260 |
_aNew York _bCallaghan & comp. U.S.A. _c1968 |
||
| 300 |
_a327p _ccm. |
||
| 490 | _vVol.1 | ||
| 942 |
_hMD53:(Z73:86), K8.1 _cTEXL _2CC |
||
| 999 |
_c1160782 _d1160782 |
||